LEADER 01781nam a2200361 a 4500
001 0017008
003 BD-DhAAL
008 090817r20052004 enka 000 0 eng d
010 |a  2006700184 
020 |a 9780521753678 (pbk. : Student's bk. 2) 
020 |a 9780521549165 (pbk. : Student's bk. 3) 
020 |a 0521549167 (pbk. : Student's bk. 3) 
040 |a UKM  |b eng  |c UKM  |d BAKER  |d DLC  |d BD-DhAAL 
082 0 4 |a 428.24  |2 22 
100 1 |a Dignen, Bob.  |9 58412 
245 1 0 |a English 365 :  |b for work and life /  |c Bob Dignen, Steve Flinders, Simon Sweeney. 
246 3 |a English three hundred sixty-five 
260 |a Cambridge :  |b Cambridge University Press,  |c 2004 [reprinted 2005]. 
300 |a 144 p. :  |b ill. (some col.) ;  |c 28 cm 
490 0 |a Cambridge professional English 
505 1 |a -- Student's bk. 2 -- Student's bk. 3. 
526 |a CFL, BRACU   |x Beth Trudell English Language Fellow, BRAC Institute of Languages (BIL) 
541 1 |e 00017008  |a First English Education Institutes Limited 
650 0 |a English language  |v Textbooks for foreign speakers. 
650 0 |a English language  |x Business English  |v Problems, exercises, etc.  |9 8366 
650 0 |a English language  |x Spoken English  |v Problems, exercises, etc.  |9 1938 
650 0 |a Life skills  |v Problems, exercises, etc.  |9 58415 
700 1 |a Flinders, Steve.  |9 58413 
700 1 |a Sweeney, Simon.  |9 58414 
852 4 |a Ayesha Abed Library  |c General Stacks 
942 |2 ddc  |c BK 
999 |c 3221  |d 3221 
952 |0 0  |1 0  |2 ddc  |4 0  |6 428_240000000000000_DIG_2007  |7 0  |9 2918  |a BRACUL  |b BRACUL  |c GEN  |d 2009-08-30  |e First English Education Institutes Limited  |g 428.00  |l 2  |o 428.24 DIG  |p 3010017008  |r 2017-10-24  |s 2017-10-24  |t 1  |w 2009-08-30  |y BK  |x Requisitioned by Beth Trudell, English Language Fellow, BRAC Institute of Languages (BIL) ; Rs 295.00